1463 1017 1280 1421 1838 1892 1153 1584 1897 1170 1823 1114 1609 1545 1493 1513 1695 1189 1622 1824 1799 1941 1215 1111 1518 1145 1496 1325 1552 1126 1739 1001 1170 1409 1801 1252 1948 1553 1717 1275 1946 1576 1681 1547 1772 1277 1312 1944 1470 1275 1586 1872 1720 1697 1088 1672 1392 1476 1148 1305 1696 1430 1862 1490 1727 1603 1292 1847 1899 1448 1515 1021 1367 1980 1521 1435 1867 1223 1238 1059 1478 1278 1137 1782 1668 1023 1349 1090 1543 1231 1355 1280 1531 1950 1218 1734 1672 1466 1136 BCNSPRNW ULIB Ver.6.0+V

เปลี่ยนเป็นภาษาไทย

Change to English
 แสดงรายละเอียดบรรณานุกรม
  กลับหน้าหลัก

Brief Record : Get Marc (ISO 2709) : E-mail record : QR code < ปิดหน้าต่าง
LEADER : 00000nam 22003374a 4500
001    13399114948
003     ULIB
008    110822s2010 us a 001 0 eng d
020    ^a9780323055390
060 04 ^aQS4^bP322an
100 1  ^aPatton, Kevin T.
245 10 ^aAnthonys textbook of anatomy & physiology /^cKevin T.
246 3  ^aAnthony s textbook of anatomy and physiology
246 30 ^aTextbook of anatomy & physiology
246 30 ^aTextbook of anatomy and physiology
250    ^a19th ed.
260    ^aSt. Louis :^bMosby/Elsevier,^c2010
300    ^axxx, 1131, [62] p. :^bill. ;^c29 cm.
500    ^aThibodeaus name appears first on the 18th ed.
500    ^aIncludes index
650  2 ^aAnatomy
650  2 ^aPhysiology
700 1  ^aThibodeau, Gary A.,^d1938-
700 1  ^aAnthony, Catherine Parker, ^d1907-
945    ^p0^l0^i19110
945    ^p0^l0^i19530
995    ^a Kesorn
999 ^a ใช้งานได้ทุกระบบ
รายการนี้ยังไม่มีแท็ก
คุณยังไม่ได้ล็อกอิน คุณสามารถมีกิจกรรมร่วมกับเว็บไซต์ได้ แต่ต้องล็อกอินก่อน ::
  ล็อกอิน

รายการสื่อสารสนเทศ

ลำดับที่ ประเภท เลขเรียก/บาร์โค้ด สถานที่ สถานะ
1. วิทยาศาสตร์การแพทย์ และสุขภาพ
วิทยาศาสตร์การแพทย์ และสุขภาพ
QS4 P322an ฉ.2 
  Barcode: 19530
ห้องสมุดวิทยาเขตสวรรค์ประชารักษ์
►หนังสือทั่วไป
บนชั้น

รายการใกล้เคียง
    ผู้แต่ง [Patton, Kevin T.]

    หัวเรื่อง [Anatomy]
    หัวเรื่อง [Physiology]

BibComment


ยังไม่เคยถูกคอมเมนท์

คอมเมนท์ทรัพยากรรายการนี้
  คอมเมนท์: Anthonys textboo..


 Copyright 2026. Bcnsprnw @Library